[Event "Maastricht Limburg op-B 9th"]
[Site "Maastricht"]
[Date "2015.05.23"]
[Round "3"]
[White "Dardha, Daniel"]
[Black "Ploumen, Ralf"]
[Result "0-1"]
[WhiteElo "1874"]
[BlackElo "1673"]
[PlyCount "78"]
[EventDate "2015.05.22"]
[EventType "swiss"]
[EventRounds "7"]
[EventCountry "NED"]
[SourceTitle "EXT 2016"]
[Source "ChessBase"]
[SourceDate "2015.10.08"]
[SourceVersion "1"]
[SourceVersionDate "2015.10.08"]
[SourceQuality "1"]

1. e4 g6 2. d4 Bg7 3. Nc3 c5 4. Nf3 cxd4 5. Nxd4 Nc6 6. Be3 Nf6 7. Be2 0-0 8. 0-0 a6 9. f4 d6 10. a4 Qc7 11. Bf3 e5 12. Nb3 exf4 13. Bxf4 Ne5 14. Qe2 Be6 15. Bxe5 dxe5 16. Nd5 Nxd5 17. exd5 Bf5 18. Be4 Bxe4 19. Qxe4 f5 20. Qe2 e4 21. Rab1 Rac8 22. Rfd1 Qxc2 23. Qxc2 Rxc2 24. d6 Rd8 25. Rd5 Rxb2 26. Rxb2 Bxb2 27. Na5 Rd7 28. Nc4 Bf6 29. Nb6 Rd8 30. d7 Kf7 31. Rd6 Be5 32. Rd1 Ke6 33. a5 Bc7 34. Na4 Bxa5 35. Nc5+ Ke7 36. Nxb7 Bb6+ 37. Kh1 Rxd7 38. Rxd7+ Kxd7 39. g3 Kc7 0-1